书目信息 |
| 题名: |
丹尼尔斯经典跑步训练法
|
|
| 作者: | 丹尼尔斯 著 ;沈慧 译 | |
| 分册: | ||
| 出版信息: | 杭州 浙江人民出版社 2021.1 |
|
| 页数: | 275页 | |
| 开本: | 23cm | |
| 丛书名: | ||
| 单 册: | ||
| 中图分类: | G822.02 | |
| 科图分类: | ||
| 主题词: | 跑--pao--运动训练法 | |
| 电子资源: | ||
| ISBN: | 978-7-213-06260-5 | |
| 000 | 01329nam0 2200313 450 | |
| 001 | 012001002230 | |
| 005 | 20141203124009.0 | |
| 010 | @a978-7-213-06260-5@dCNY49.90 | |
| 099 | @aCAL 012014136348 | |
| 100 | @a20220905d2014 em y0chiy50 ea | |
| 101 | 1 | @achi@ceng |
| 102 | @aCN@b330000 | |
| 105 | @aak z 000yy | |
| 106 | @ar | |
| 200 | 1 | @a丹尼尔斯经典跑步训练法@Adan ni er si jing dian pao bu xun lian fa@e世界最佳跑步教练的跑步公式@f(美) 杰克·丹尼尔斯著@d= Daniels' running formula@fJack Daniels@g沈慧译@zeng |
| 210 | @a杭州@c浙江人民出版社@d2021.1 | |
| 215 | @a275页@c图@d23cm | |
| 300 | @a湛庐文化 心视界 与思想有关 | |
| 305 | @a据2014年英文版第3版译出 | |
| 306 | @a本书中文简体字版由作者授权在中华人民共和国境内独家出版发行 | |
| 330 | @a本书涵盖了不同强度的跑步训练,能够帮助你建立耐力、力量和速度。随着丹尼尔斯的跑步方式,跟踪自己在每个级别花费的时间,能够培养出更高效和优化的结果。另外,书中还提出的一种跑步经典方法——乳酸跑步法。 | |
| 500 | 10 | @aDaniels' running formula@mChinese |
| 517 | 1 | @a世界最佳跑步教练的跑步公式@Ashi jie zui jia pao bu jiao lian de pao bu gong shi |
| 606 | 0 | @a跑@Apao@x运动训练法 |
| 690 | @aG822.02@v5 | |
| 701 | 1 | @a丹尼尔斯@Adan ni er si@g(Daniels, Jack)@4著 |
| 702 | 0 | @a沈慧@Ashen hui@4译 |
| 801 | 0 | @aCN@bAHXH@c20221111 |
| 905 | @b1372407-9@dG822.02@e211@f3 | |
| 丹尼尔斯经典跑步训练法:世界最佳跑步教练的跑步公式/(美) 杰克·丹尼尔斯著= Daniels' running formula/Jack Daniels/沈慧译.-杭州:浙江人民出版社,2021.1 |
| 275页:图;23cm |
| 湛庐文化 心视界 与思想有关 |
| ISBN 978-7-213-06260-5:CNY49.90 |
| 本书涵盖了不同强度的跑步训练,能够帮助你建立耐力、力量和速度。随着丹尼尔斯的跑步方式,跟踪自己在每个级别花费的时间,能够培养出更高效和优化的结果。另外,书中还提出的一种跑步经典方法——乳酸跑步法。 |
| ● |
| 相关链接 |
|
|
|
|
正题名:丹尼尔斯经典跑步训练法
索取号:G822.02/211
 
预约/预借
| 序号 | 登录号 | 条形码 | 馆藏地/架位号 | 状态 | 备注 |
| 1 | 1372407 | 213724077 | 第一样本阅览室/ [索取号:G822.02/211] | 在馆 | |
| 2 | 1372408 | 213724086 | 第四借阅区/ [索取号:G822.02/211] | 在馆 | |
| 3 | 1372409 | 213724095 | 第四借阅区/ [索取号:G822.02/211] | 在馆 |